Principles of Electromagnetics (Record no. 4244)

MARC details
000 -LEADER
fixed length control field 00347nam a2200145Ia 4500
008 - FIXED-LENGTH DATA ELEMENTS--GENERAL INFORMATION
fixed length control field 191201s2009 xx 000 0 und d
082 ## - DEWEY DECIMAL CLASSIFICATION NUMBER
Classification number 621.34
Item number SAP
100 ## - MAIN ENTRY--PERSONAL NAME
Personal name SADIKU, MATTHEW N.O
245 #0 - TITLE STATEMENT
Title Principles of Electromagnetics
250 ## - EDITION STATEMENT
Edition statement 4th
260 ## - PUBLICATION, DISTRIBUTION, ETC. (IMPRINT)
Place of publication, distribution, etc N.Delhi
Name of publisher, distributor, etc Oxford
Date of publication, distribution, etc 2009
300 ## - PHYSICAL DESCRIPTION
Extent 734
650 ## - SUBJECT ADDED ENTRY--TOPICAL TERM
Topical term or geographic name as entry element B.Tech(ECE)
942 ## - ADDED ENTRY ELEMENTS (KOHA)
Source of classification or shelving scheme Dewey Decimal Classification
Koha item type Text Books
Holdings
Withdrawn status Lost status Source of classification or shelving scheme Damaged status Not for loan Collection code Home library Current library Date acquired Source of acquisition Cost, normal purchase price Bill Number Total Checkouts Full call number Acc. no. / Barcode Date last seen Bill Date Koha item type Date last borrowed
    Dewey Decimal Classification     B.Tech(ECE) PIET C-LIBRARY PIET C-LIBRARY 07/01/2010 J B C, New Delhi 365.00 SI-3952   621.34 SAP 14221 04/12/2019 26/12/2009 Text Books  
    Dewey Decimal Classification     B.Tech(ECE) PIET C-LIBRARY PIET C-LIBRARY 07/01/2010 J B C, New Delhi 365.00 SI-3952 7 621.34 SAP 14222 01/07/2024 26/12/2009 Text Books 17/06/2024
    Dewey Decimal Classification     B.Tech(ECE) PIET C-LIBRARY PIET C-LIBRARY 07/01/2010 J B C, New Delhi 365.00 SI-3952 1 621.34 SAP 14223 23/05/2024 26/12/2009 Text Books 16/04/2024

Design & Developed by: PIET Central Library
R70 Miles Stone Pattikalyana Samalkha Panipat 132102
mail ID :- [email protected], Phone No:- 0180-2569700 Ex.216